Estadísticas para Investment Banks + M&A boutiques #1

Haz click aquí para intentar la prueba.

Estadísticas generales

  • Esta prueba ha sido intentada 6 veces
  • La puntuación promedio es 27 de 47

Estadísticas de respuestas

Respuesta% Correcto
Alantra
100%
Arcano
100%
Bank of America
100%
Citi
100%
Credit Suisse
100%
Deloitte
100%
Deutsche
100%
EY
100%
Goldman Sachs
100%
KPMG
100%
Lazard
100%
PWC
100%
Sabadell
100%
Santander
100%
Societe Generale
100%
UBS
100%
BBVA
67%
BNP
67%
Credit Agricole
67%
Evercore
67%
Greenhill
67%
HSBC
67%
JP Morgan
67%
Morgan Stanley
67%
Nomura
67%
RBC
67%
Wells Fargo
67%
AZ Capital
33%
Barclays
33%
Centerview
33%
Jefferies
33%
Mizuho
33%
Norgestion
33%
Oaklins
33%
Rothschild
33%
Socios Corporate
33%
William Blair
33%
BDO
0%
Guggenheim
0%
Houlihan
0%
Lincoln
0%
Moelis
0%
Oppenheimer
0%
Optima
0%
Perella
0%
PJT
0%
Qatalyst Partners
0%

Distribución de puntuación

Porcentaje por número respondido

Porcentaje de gente con cada puntuación

Historial de tus puntuaciones

No has intentado esta prueba.